00688nam a2200241 a 4500001001300000003000900013005001700022008004100039020001000080082001500090100001600105245004700121260004700168300000900215500003500224505001000259650001300269700001600282902000800298942000700306952011600313999001700429nice12345678IN_TiNIC20260116013543.0050524s0000 chia grp 000 0 eng  ac10000a266.2bGRA aGraham, J A aMissionary Expansion Since the Reformation aChicagobStudent Missionary Campaignc0000 a244p aincludes index and biblioraphy2 aIndex aMissions1 aGraham, J A bSRS cBK 001040708StackRoom-aHMIbHMId2007-07-12g100.00l0o266.2 GRAp016369r2007-07-12v100.00w2005-05-24yBK c11447d11447